Pseudo-differential operators : proceedings of a conference held in Oberwalfach, February 2-8, 1986

Αποθηκεύτηκε σε:
Λεπτομέρειες βιβλιογραφικής εγγραφής
Άλλοι συγγραφείς: Cordes, H. O. (Heinz Otto) 1925- (Επιμελητής έκδοσης), Gramsch, B. (Bernhard) 1938- (Επιμελητής έκδοσης), Widom, Harold 1923- (Επιμελητής έκδοσης)
Μορφή: Βιβλίο
Γλώσσα:English
Δημοσίευση: Berlin : Speinger-Verlag, c1987
Σειρά:Lecture notes in mathematics (Springer-Verlag) ; 1256
Θέματα:
Ετικέτες: Προσθήκη ετικέτας
Δεν υπάρχουν, Καταχωρήστε ετικέτα πρώτοι!

MARC

LEADER 00000cam a2200000 i 4500
001 1/27072
008 941103s1987 eng d
020 |a 3-540-17856-2 
035 |a 1993  |l 10037739 
040 |a GR-MY-UA  |b gre  |e aacr 
041 0 |a eng 
082 0 |a 515.724 
245 1 0 |a Pseudo-differential operators :  |b proceedings of a conference held in Oberwalfach, February 2-8, 1986 /  |c edited by H.O. Cordes, B. Gramsch and H. Widom 
260 |a Berlin :   |b Speinger-Verlag,   |c c1987 
300 |a x, 479 p.;  |c 25 cm. 
490 1 |a Lecture notes in mathematics (Springer-Verlag)  |v ; 1256 
500 |a Includes bibliographical references 
650 0 0 |a Pseudodifferential operators  |x Congresses. 
700 1 |a Cordes, H. O.  |q (Heinz Otto)  |d 1925-  |e edt 
700 1 |a Gramsch, B.  |q (Bernhard)  |d 1938-  |e edt 
700 1 |a Widom, Harold  |d 1923-  |e edt 
830 0 |a Lecture notes in mathematics (Springer-Verlag)  |v ; 1256 
852 |a INST  |b SAMOS  |e 19941103  |h 515.724 PSE  |p 005300007736  |q 005300007736  |t BK  |y 0 
909 |a Σ  |b 029127